Las instituciones políticas del Africa negra / (Record no. 55596)
[ view plain ]
| 000 -LEADER | |
|---|---|
| campo de control de longitud fija | 00770nam a2200229 i 4500 |
| 001 - NÚMERO DE CONTROL | |
| campo de control | 55596 |
| 003 - IDENTIFICADOR DE NÚMERO DE CONTROL | |
| campo de control | ES-MaACL |
| 005 - FECHA Y HORA DE LA ÚLTIMA TRANSACCIÓN | |
| campo de control | 20250830063050.0 |
| 007 - CAMPO FIJO DE DESCRIPCIÓN FÍSICA--INFORMACIÓN GENERAL | |
| campo de control de longitud fija | t| |
| 008 - DATOS DE LONGITUD FIJA--INFORMACIÓN GENERAL | |
| campo de control de longitud fija | 030923s1971 sp ||||1| spa d |
| 100 1# - ENTRADA PRINCIPAL--NOMBRE DE PERSONA | |
| Nombre de persona | Deschamps, Hubert, |
| Fechas asociadas al nombre | 1900-1979 |
| 9 (RLIN) | 43846 |
| 245 14 - MENCIÓN DEL TÍTULO | |
| Título | Las instituciones políticas del Africa negra / |
| Mención de responsabilidad, etc. | por Hubert Deschamps ; [traducción Javier Costa Clavell]. |
| 250 ## - MENCION DE EDICION | |
| Mención de edición | [1ª ed.]. |
| 260 ## - PUBLICACIÓN, DISTRIBUCIÓN, ETC. | |
| Lugar de publicación, distribución, etc. | Barcelona : |
| Nombre del editor, distribuidor, etc. | Oikos-Tau, |
| Fecha de publicación, distribución, etc. | [1971] |
| 300 ## - DESCRIPCIÓN FÍSICA | |
| Extensión | 126 p. ; |
| Dimensiones | 18 cm. |
| 490 1# - MENCIÓN DE SERIE | |
| Mención de serie | ¿Qué sé? ; |
| Designación de volumen o secuencia | 41 |
| 650 #4 - PUNTO DE ACCESO ADICIONAL DE MATERIA--TÉRMINO DE MATERIA | |
| Término de materia o nombre geográfico como elemento de entrada | Instituciones políticas- |
| Subdivisión geográfica | África subsahariana. |
| 9 (RLIN) | 163480 |
| 700 1# - ENTRADA AGREGADA--NOMBRE PERSONAL | |
| Nombre de persona | Costa Clavell, Xavier, |
| Fechas asociadas al nombre | 1923-2006 |
| 9 (RLIN) | 41089 |
| 830 0# - PUNTO DE ACCESO ADICIONAL DE SERIE-TÍTULO UNIFORME | |
| Título uniforme | ¿Qué sé? |
| Designación de volumen o secuencia | 41 |
| 9 (RLIN) | 181382 |
| 852 ## - LOCALIZACIÓN | |
| Ubicación | ES-MaACL |
| Número de control de estantería | C-44429 |
| Sublocalización o colección | R.77888 |
| Estatus retirado | Estado de pérdida | Estado de daño | No para préstamo | Biblioteca de origen | Biblioteca actual | Ubicación en estantería | Fecha de adquisición | Fuente de adquisición | Total de préstamos | Signatura topográfica completa | Código de barras | Visto por última vez | Precio de reemplazo | Tipo de ítem Koha |
|---|---|---|---|---|---|---|---|---|---|---|---|---|---|---|
| Biblioteca del Ateneo de Madrid | Biblioteca del Ateneo de Madrid | Depósito 2 | 17/01/2008 | C-44429 | 1058408 | 23/02/2023 | 23/02/2023 | Libro impreso |
